000 00380cam a2200145ua 4500
003 OSt
008 250610b |||||||| |||| 00| 0 eng d
041 _aeng
082 _a624.171
_bHOD/PL
100 _aHodge, Philipen .
_97545
245 _aPlastic analysis of structures, Part 2 /
260 _aNew York :
_bMcGraw Hill Book Company ,
_c1959.
300 _a364 ; .
942 _cBK
999 _c7293
_d7293